| 000 | 01001nam a2200301Ia 4500 | ||
|---|---|---|---|
| 003 | OSt | ||
| 005 | 20221007124746.0 | ||
| 006 | a|||||r|||| 00| 0 | ||
| 007 | ta | ||
| 008 | 221006b |||||||| |||| 00| 0 eng d | ||
| 020 | _a9788126519255 (pbk) | ||
| 024 | _a194284 | ||
| 037 |
_b4161, 09/10/2015, Educational Book Agency (India) _cTextual |
||
| 040 |
_aCDL _cCDL _beng |
||
| 041 |
_2eng _aeng |
||
| 082 | _aE:(B27), K3;P3-;4 Carc | ||
| 100 |
_aCotton F Albeart _9720327 |
||
| 245 | 0 | _aChemical applications of group theory | |
| 250 | _a3 | ||
| 260 |
_aNew _bDelhi Wiley _c2003 |
||
| 300 |
_axiv, 461p. ill. _ccm. |
||
| 500 | _aAppendices 417-456p.; Index 457-461p.; Reprint 2013 | ||
| 650 |
_a Ligand feild theory _9720328 |
||
| 650 |
_a Molecular vibrations _9720329 |
||
| 650 |
_aMolecular symmetry _9720330 |
||
| 942 |
_hE:(B27), K3;P3-;4 Carc _cTEXL _2CC |
||
| 999 |
_c1214049 _d1214049 |
||